LEADER 01072nam0 2200313 450 001 000021420 005 20080604102622.0 100 $a20080507d1978----km-y0itaa50------ba 101 0 $aita 102 $aIT 200 1 $aLévi-strauss e l'antropologia strutturale$f[a cura di] Sergio Moravia 205 $a2. ed. 210 $aFirenze$cSansoni$d1978 215 $a124 p.$c18 cm. 225 2 $aSansoni studio$v6 410 1$12001$aSansoni studio$v6 600 1$aAntropologia 676 $a599.9$v(21. ed.)$9Hominidae homo sapiens 700 1$aLévi-Strauss,$bClaude$0756843 702 1$aMoravia,$bSergio 801 0$aIT$bUniversità della Basilicata - B.I.A.$gRICA$2unimarc 912 $a000021420 996 $aLévi-strauss e l'antropologia strutturale$91527867 997 $aUNIBAS BAS $aLETTERE CAT $aSTD064$b01$c20080507$lBAS01$h1050 CAT $aTTM$b30$c20080604$lBAS01$h1026 FMT Z30 -1$lBAS01$LBAS01$mBOOK$1BASA1$APolo Storico-Umanistico$2GEN$BCollezione generale$3FP/87452 10B$687452$5L87452$820080507$f02$FPrestabile Generale LEADER 01142nam a2200265 a 4500 001 991001608989707536 008 030515s2002 it 000 0 ita d 020 $a8846436199 035 $ab12171578-39ule_inst 040 $aDip.to Scienze pedagogiche$bita 082 0 $a331.62 110 2 $aIsfol$0423065 245 03$aIl lavoro degli immigrati :$bprogrammazione dei flussi e politiche di inserimento /$ba cura di Guido baronio e Anna Elisa Carbone 260 $aMilano :$bAngeli, $cc2002 300 $a160 p. ;$c22 cm 500 $aIn testa al front.: Unione Europea, Fondo sociale europeo ; Ministero del Lavoro e delle Politiche sociali, Direzione generale per l'impiego 650 4$aImmigrati$zCondizioni economiche e sociali$zItalia 700 1 $aBaronio, Guido 700 1 $aCarbone, Anna Elisa 907 $a.b12171578$b21-09-06$c15-05-03 912 $a991001608989707536 945 $aLE022 331 ISF01.01$g1$i2022000023054$lle022$nPERUCCA$nADRIATICA$o-$pE16.50$q-$rl$s- $t0$u4$v0$w4$x0$y.i12514743$z15-05-03 996 $aLavoro degli immigrati$9145586 997 $aUNISALENTO 998 $ale022$b15-05-03$cm$d- $e-$fita$git $h3$i0